000 00684nam a2200217 a 4500
005 20220923063517.0
008 020201s2000 mx r 000 0 spa d
020 _a8449309190
035 _aUPN01000115538
049 _aCG
050 4 _aBF503
_bL3.78
100 1 _aLandsberg, Max
245 1 3 _aEl tao de la motivación :
_binspírate a ti mismo y a los demás /
_cMax Landsberg ; tr. Miguel Iribarren Berrade.
260 _aBarcelona, Esp.
_bPaidós,
_c2000.
300 _a201 p. :
_bil.
440 0 _aPaidós plural ;
_v19
534 _pTraducción de:
_tThe tao of motivation
650 7 _aMotivación (Psicología)
_2
_95909
650 4 _aMOTIVACION DEL EXITO
905 _aLibro
999 _c88838
_d88838